000 00569nam a22002057a 4500
005 20260424155020.0
008 260424b |||||||| |||| 00| 0 eng d
037 _cDSWL
040 _aDSWL
_cDSWL
041 _heng
084 _aWv Q7
100 _aDeLue, Steven M.
_91235701
245 _aPolitical Thinking, Political Theory, and Civil Society
250 _a4th
260 _aNew York,
_bRoutledge Publication,
_c2017
300 _a458p
700 _aTimothy M. Dale
_91235702
942 _2CC
_cTEXL
_hWv Q7
_n0
999 _c1848539
_d1848539